| 000 | 00491nam a2200133Ia 4500 | ||
|---|---|---|---|
| 008 | 260210s9999 xx 000 0 und d | ||
| 024 | _a00A-70-CE, 00A-09-EE, 00A-07-EE & 00A-06-EE | ||
| 082 | _a629.89072 AHM | ||
| 100 | _aAhmed Hassan Khan, Fahad Ahmed Siddiquu, Syed Aun Abbas & Syed Waqar Hussain | ||
| 245 | 0 | _aDistributed Process Control and Monitoring System | |
| 260 |
_aKarachi: _bUITU, _c2000 |
||
| 600 | _aElectronic Engineering | ||
| 650 | _aBachelor of Engineering (BE) | ||
| 999 |
_c32867 _d32867 |
||